|
|
|
|
| LEADER |
00000nab a2200000 a 4500 |
| 001 |
vtls000311746 |
| 003 |
SK-MaSNL |
| 005 |
20260302215428.0 |
| 008 |
111201c1978 xo 0 slo |
| 015 |
|
|
|a SNBRB19rr/mm-uuuuu
|
| 035 |
|
|
|a CL0001838
|
| 040 |
|
|
|a SNKBUCL
|b slo
|c SNKBUCL
|e AACR2
|
| 041 |
0 |
|
|a slo
|
| 044 |
|
|
|a xo
|c SK
|
| 080 |
|
|
|a 82:778.5
|2 1981
|
| 080 |
|
|
|a 778.5
|2 1981
|
| 080 |
|
|
|a 82
|2 1981
|
| 245 |
0 |
0 |
|a Červená niť literárnej klasiky
|
| 500 |
|
|
|a Foto 6. Spracované podľa materiálu v poľskom časopise Ekran.
|
| 650 |
0 |
7 |
|a umelecká literatúra
|2 snkbucl
|9 1488
|
| 650 |
0 |
7 |
|a kinematografia sovietska
|2 snkbucl
|9 943169
|
| 655 |
|
7 |
|a články z novín a časopisov
|2 snkbucl
|9 267496
|
| 655 |
|
7 |
|a články z odboru literárna veda a krásna literatúra
|2 snkbucl
|9 770045
|
| 773 |
0 |
|
|t Express
|g Roč. 10, č. 4 (1978), s. 17-18
|
| 850 |
|
|
|a Slovenská národná knižnica v Martine
|a MTA001
|
| 852 |
|
|
|a SNK
|b KIS3GCP
|
| 958 |
|
|
|a RK
|
| 958 |
|
|
|a LX
|
| 958 |
|
|
|a SK
|
| 992 |
|
|
|a RBX
|
| 999 |
|
|
|c 1502249
|d 1504179
|